Les pays les moins coûteux du monde - Statistiques

Statistiques générales
  • Ce quiz a été pris 80 fois
  • Le résultat moyen est 14 sur 30
Statistiques - réponses
Coût de la vie (New York=100) Pays % Correct
24,1 Inde
77%
35,6 Maroc
68%
28,9 Algérie
65%
30,7 Tunisie
63%
26,7 Pakistan
62%
35,5 Bangladesh
61%
36,7 Egypte
61%
36,3 Indonésie
61%
37,5 Malaisie
56%
27,3 Népal
55%
38 Pérou
52%
34,8 Roumanie
51%
29,2 Colombie
49%
37,4 Bolivie
48%
36,4 Bulgarie
48%
34,7 Philippines
48%
33;8 Albanie
45%
33,6 Serbie
45%
34,6 Bosnie-Herzégovine
42%
34,1 Sri Lanka
42%
28,7 Ukraine
42%
26,8 Kazakhstan
39%
31,1 Macédoine
39%
35 Mexique
39%
25,7 Moldavie
35%
35,5 Arménie
34%
28,7 Géorgie
32%
28,9 Azerbaïdjan
31%
34,7 Afrique du Sud
24%
37,6 Botswana
18%
Aucun quiz correspondant
Distribution des résultats
% des personnes avec chaque résultat
Percentile par nombre de réponses
Votre historique - résultats
Vous n’avez pas pris ce quiz